A COMPLEX STUDY OF SURFACE FATIGUE IN CARBON STEELS CAUSED BY ROLLING CONTACT AND SLIDING FRICTION

Bibliographic Details
Main Authors: Lovas, A. (Author), Szabó, A. (Author), Juhász, G. (Author), Bán, K. (Author), Novák, L. (Author)
Format: Article
Language:English

MARC

LEADER 00000naa a2200000uu 4500
001 vtls010927153
003 SK-MaSNL
005 20260302130651.0
008 210824|2012 xo |||||||||||||||||eng|
015 |a SNBRA 
035 |a (urnnbn)urn:nbn:sk:snk:ar-a0b0qi 
035 |a (uuid)0dc2be1e-8d7a-4e12-b914-7d8214727cdf 
035 |a urn:nbn:sk:snk-aattbp 
040 |a SNKBUCL  |b slo  |c SNKBUCL  |e AACR2 
041 0 |a eng 
044 |a xo  |c SK 
100 1 |a Lovas, A.  |4 aut  |9 399648 
245 1 0 |a A COMPLEX STUDY OF SURFACE FATIGUE IN CARBON STEELS CAUSED BY ROLLING CONTACT AND SLIDING FRICTION  |c A. Lovas, A. Szabó, G. Juhász, K. Bán, L. Novák 
700 1 |a Szabó, A.  |4 aut  |9 754934 
700 1 |a Juhász, G.  |4 aut  |9 814578 
700 1 |a Bán, K.  |4 aut  |9 814579 
700 1 |a Novák, L.  |4 aut  |9 124441 
773 0 |t APCOM 2012  |d Bratislava : Slovenská technická univerzita, 2012  |g S. 13-16  |z 9788022737203 
958 |a OND 
958 |a article11 
958 |a chapter 
999 |c 1301721  |d 1303651